000 00616nam a2200229Ia 4500
003 OSt
005 20220928103725.0
006 a|||||r|||| 00| 0
007 ta
008 220927b |||||||| |||| 00| 0 eng d
024 _a9690
037 _cTextual
040 _aSDCL
_cSDCL
_beng
041 _2eng
_aeng
082 _aY:1.2'L, P7
100 _aSudheendra Kumar
_9406775
245 0 _aMugalkaaleen samasik sanskriti aur Hindi sahitya.
260 _aDelhi
_bNavlok Prakashan
_c2007
300 _a240p
_ccm.
942 _hY:1.2'L, P7
_cTEXL
_2CC
999 _c722309
_d722309